000 00856nam a22002417a 4500
999 _c16763
_d16763
003 AR-CdUCM
008 190311b ||||| |||| 00| 0 spa d
040 _aMUNICIPALIDAD PROVINCIAL DEL CUSCO
_cBIBLIOTECA MUNICIPAL DEL CUSCO
041 _heng
082 _a196.4 /
_bL82
_23ed.
100 _aLocke, John
_914840
245 _aEnsayo sobre el entendimiento humano /
260 _aBuenos Aires :
_bAguilar,
_c1963.
300 _a218 páginas ;
_c16 cm.
440 _aBiblioteca de iniciación filosófica ;
_n44
_936410
505 _aContenido: El entendimiento humano -- Las nociones innatas --De las palabras -- Del conocimiento y la probabilidad.
650 _aFilosofía
_9395
650 _aEstado
_9738
650 _aConocimiento
_95704
700 _aRodriguez Aranda, Luis (Traductor)
_915727
942 _2ddc
_cLIBROS
945 _aacv
_d2019-05-06